[Event "International Tournament "]
[Site "Paracin, Hotel "]
[Date "2017.07.07"]
[Round "1.28"]
[White "Grujic, Nebojsa"]
[Black "Djordjevic, Vuk"]
[Result "0-1"]
[WhiteElo "2152"]
[BlackElo "2377"]
[Annotator "Natasa"]
[PlyCount "216"]
[EventDate "2017.07.07"]

1. d4 e6 2. Nf3 Nf6 3. Bf4 c5 4. c3 d5 5. e3 Bd6 6. Bg3 Nc6 7. Nbd2 Qe7 8. Ne5
Nd7 9. Bb5 Bxe5 10. dxe5 O-O 11. f4 c4 12. Ba4 f5 13. exf6 Nxf6 14. O-O Bd7 15.
Qe2 Rab8 16. Bc2 b5 17. a3 Rbe8 18. Nf3 Bc8 19. Rad1 Bb7 20. Ne5 Qc7 21. Nf3 a5
22. Kh1 b4 23. axb4 axb4 24. Bb1 Qa5 25. Qc2 g6 26. Be1 b3 27. Qf2 Qc5 28. h3
e5 29. Qh4 Qe7 30. Qg5 exf4 31. exf4 Nd8 32. Nd4 Nf7 33. Qh4 Nd7 34. Qg4 Nh6
35. Qf3 Nc5 36. Bd2 Ne4 37. Bxe4 Qxe4 38. Qxe4 dxe4 39. Be3 Ra8 40. g4 Ra2 41.
Rd2 Rd8 42. Kh2 Nf7 43. Kg3 Rd5 44. Rdf2 Bc8 45. Re2 Bd7 46. Bc1 Nd6 47. Rfe1
Kf7 48. Kf2 h5 49. Kg3 Ra8 50. Rh1 Rh8 51. Reh2 Nb7 52. Re1 Nc5 53. Rhe2 Ra8
54. Rf1 Ra5 55. Rg1 Nd3 56. Be3 Ra2 57. Rgg2 Ra1 58. Rd2 Re1 59. Rge2 Rf1 60.
Kg2 Rb1 61. Kg3 Ra5 62. Bf2 Ra2 63. Rxe4 Rbxb2 64. Rxb2 Rxb2 65. Ne2 Rxe2 66.
Rxe2 b2 67. Rxb2 Nxb2 68. gxh5 gxh5 69. Kh4 Kg6 70. Bd4 Nd3 71. Be3 Ba4 72. f5+
Kxf5 73. Kxh5 Ne5 74. Bd4 Ng6 75. h4 Bd1+ 76. Kh6 Nxh4 77. Kg7 Nf3 78. Bf6 Ng5
79. Be7 Ne4 80. Bb4 Bh5 81. Kh6 Be8 82. Kg7 Kf4 83. Kf8 Bh5 84. Ke7 Ke3 85. Ke6
Kd3 86. Ke5 Nxc3 87. Ba5 Bf3 88. Kf4 Bb7 89. Ke5 Nb5 90. Bb4 Nd4 91. Kd6 Be4
92. Kc5 Nf5 93. Ba5 c3 94. Bxc3 Kxc3 95. Kb5 Bd5 96. Kc5 Be6 97. Kb5 Kd4 98.
Kb4 Nd6 99. Ka3 Kc3 100. Ka4 Bb3+ 101. Ka5 Kc4 102. Kb6 Ba4 103. Ka5 Bd7 104.
Kb6 Nf5 105. Kc7 Bb5 106. Kd8 Kc5 107. Kc7 Ne3 108. Kd8 Kc6 {unreadable} 0-1

[Event "International Tournament "]
[Site "Paracin, Hotel "]
[Date "2017.07.07"]
[Round "1.29"]
[White "Ivic, Velimir"]
[Black "Sukovic, Andrej"]
[Result "0-1"]
[WhiteElo "2375"]
[BlackElo "2150"]
[PlyCount "58"]
[EventDate "2017.07.07"]

1. e4 c5 2. Nf3 d6 3. Nc3 Nf6 4. e5 dxe5 5. Nxe5 e6 6. Bb5+ Nbd7 7. d4 Be7 8.
dxc5 O-O 9. Bf4 a6 10. Bxd7 Bxd7 11. Qd4 Be8 12. Qxd8 Rxd8 13. Nd3 Nd5 14. Nxd5
Rxd5 15. O-O-O Bb5 16. Be3 Rc8 17. Nf4 Re5 18. Rd2 Bxc5 19. Bxc5 Rexc5 20. Rhd1
Kf8 21. b3 Ke7 22. Kb2 g5 23. Nh5 Bc6 24. f3 b5 25. Ng3 Rc7 26. Nf1 h5 27. Ne3
Re5 28. Rd3 f5 29. Rc1 f4 0-1

[Event "International Tournament "]
[Site "Paracin, Hotel "]
[Date "2017.07.07"]
[Round "1.30"]
[White "Mitev, Valentin"]
[Black "Atakisi, Umut"]
[Result "0-1"]
[WhiteElo "2149"]
[BlackElo "2373"]
[PlyCount "56"]
[EventDate "2017.07.07"]

1. d4 Nf6 2. Bg5 d5 3. Bxf6 gxf6 4. Nf3 c5 5. e3 Nc6 6. c3 e5 7. dxe5 fxe5 8.
Bb5 e4 9. Ne5 Qd6 10. Qa4 Qxe5 11. Bxc6+ Ke7 12. Bb5 Rg8 13. Bf1 Bd7 14. Qc2
Bh6 15. Nd2 f5 16. g3 b5 17. Nb3 Rgc8 18. Qd2 a5 19. Rd1 a4 20. Na1 a3 21. b4
cxb4 22. cxb4 Qb2 23. Nb3 Bg7 24. Nd4 Ra4 25. Be2 Rxb4 26. O-O Qxd2 27. Rxd2
Bxd4 28. exd4 Rb2 0-1

[Event "International Tournament "]
[Site "Paracin, Hotel "]
[Date "2017.07.07"]
[Round "1.31"]
[White "Nestorovic, Lazar"]
[Black "Tscharotschkin, Michael"]
[Result "1-0"]
[WhiteElo "2371"]
[BlackElo "2148"]
[PlyCount "69"]
[EventDate "2017.07.07"]

1. e4 e6 2. d4 d5 3. e5 c5 4. c3 Bd7 5. dxc5 Bxc5 6. Bd3 Nc6 7. Nf3 Qc7 8. Qe2
h6 9. Bf4 a5 10. O-O Nge7 11. Na3 Bxa3 12. bxa3 Ng6 13. Bg3 O-O 14. h4 Rfb8 15.
Rac1 Rc8 16. c4 Nce7 17. h5 Nf8 18. Bf4 Qc5 19. Qb2 dxc4 20. Rxc4 Qa7 21. Be3
Qb8 22. Rg4 Nf5 23. Qd2 Nxe3 24. Qxe3 Kh8 25. Qf4 Rc7 26. Qg3 Bc6 27. Nh4 Rd7
28. Rxg7 Ng6 29. hxg6 Kxg7 30. gxf7+ Kxf7 31. Qg6+ Kf8 32. Qxe6 Rxd3 33. Qxh6+
Ke8 34. Qg6+ Kf8 35. Qxd3 1-0

[Event "International Tournament "]
[Site "Paracin, Hotel "]
[Date "2017.07.07"]
[Round "1.32"]
[White "Ersahin, Bulent"]
[Black "Dimitrov, Vladimir"]
[Result "1/2-1/2"]
[WhiteElo "2145"]
[BlackElo "2359"]
[PlyCount "40"]
[EventDate "2017.07.07"]

1. Nf3 c5 2. e4 e6 3. d4 cxd4 4. Nxd4 Nc6 5. Nc3 Qc7 6. Ndb5 Qb8 7. a4 Nf6 8.
g3 a6 9. Na3 Qc7 10. Bg2 d6 11. O-O Be7 12. Be3 Rb8 13. h3 b6 14. Qe2 Na5 15.
Rfd1 O-O 16. Rd4 Re8 17. Rad1 Bd7 18. Nc4 Nxc4 19. Rxc4 Qd8 20. Rcd4 Qc7
1/2-1/2

[Event "International Tournament "]
[Site "Paracin, Hotel "]
[Date "2017.07.07"]
[Round "1.33"]
[White "Nestorovic, Dejan"]
[Black "Kuzmanovic, Slobodan"]
[Result "1-0"]
[WhiteElo "2358"]
[BlackElo "2144"]
[PlyCount "117"]
[EventDate "2017.07.07"]

1. d4 Nf6 2. c4 e6 3. Nc3 d5 4. Bg5 Nbd7 5. cxd5 exd5 6. e3 c6 7. Bd3 Be7 8.
Qc2 O-O 9. Nf3 Re8 10. h3 Nf8 11. Bf4 Bd6 12. Bxd6 Qxd6 13. O-O-O b5 14. g4 a5
15. Kb1 b4 16. Na4 Ba6 17. Bxa6 Rxa6 18. Ne5 N8d7 19. Nd3 Qb8 20. Ndc5 Nxc5 21.
Nxc5 Ra7 22. g5 Nh5 23. Rc1 g6 24. Qa4 Qd6 25. Nd3 Ra6 26. Ne5 Rxe5 27. dxe5
Qxe5 28. h4 d4 29. exd4 Qxd4 30. Qc2 Nf4 31. Rcd1 Qb6 32. Rhe1 Ne6 33. Rd6 Qb5
34. Qd3 Qxd3+ 35. Rxd3 c5 36. Rd7 a4 37. Re3 a3 38. bxa3 bxa3 39. Rf3 Nd4 40.
Rfxf7 Rb6+ 41. Kc1 Rb2 42. Rg7+ Kf8 43. Rxh7 Kg8 44. Rhg7+ Kf8 45. Ra7 Nb5 46.
Rxa3 Rxf2 47. Raa7 Nxa7 48. Rxa7 c4 49. Ra6 Kg7 50. Ra7+ Kg8 51. a4 Rh2 52. Rc7
Rxh4 53. a5 Rh1+ 54. Kb2 Rh2+ 55. Ka3 Rh1 56. Rxc4 Ra1+ 57. Kb4 Kf7 58. Re4
Rb1+ 59. Kc5 1-0

[Event "International Tournament "]
[Site "Paracin, Hotel "]
[Date "2017.07.07"]
[Round "1.34"]
[White "Bozbey, Ali"]
[Black "Pantelic, Sasa"]
[Result "1/2-1/2"]
[WhiteElo "2139"]
[BlackElo "2358"]
[PlyCount "83"]
[EventDate "2017.07.07"]

1. e4 c5 2. Nc3 Nc6 3. g3 Nf6 4. Bg2 g6 5. d3 Bg7 6. Be3 d6 7. h3 O-O 8. Nge2
Qb6 9. Rb1 Nd4 10. O-O Bd7 11. f4 Bc6 12. Qd2 e6 13. g4 Nxe2+ 14. Qxe2 d5 15.
e5 Nxg4 16. hxg4 d4 17. Bxc6 Qxc6 18. Ne4 dxe3 19. Qxe3 b6 20. g5 Qd5 21. Qh3
c4 22. Rf2 cxd3 23. cxd3 Rfd8 24. Rd1 Rac8 25. Qg4 Qxa2 26. Nf6+ Bxf6 27. gxf6
Qb3 28. Rfd2 Rc2 29. Qg5 Rxd2 30. Rxd2 Qb4 31. Qh6 Qf8 32. Qxf8+ Kxf8 33. Rc2
h6 34. Rc7 g5 35. fxg5 hxg5 36. Kf2 Kg8 37. Kf3 Rxd3+ 38. Kg4 a5 39. Kxg5 Rd2
40. b4 Rg2+ 41. Kh6 Rh2+ 42. Kg5 1/2-1/2

[Event "International Tournament "]
[Site "Paracin, Hotel "]
[Date "2017.07.07"]
[Round "1.35"]
[White "Martic, Ivan"]
[Black "Dimitrijevic, Dusan"]
[Result "1-0"]
[WhiteElo "2356"]
[BlackElo "2138"]
[PlyCount "93"]
[EventDate "2017.07.07"]

1. e4 e5 2. Nf3 Nc6 3. Bc4 Be7 4. d4 d6 5. d5 Nb8 6. Bd3 a5 7. c4 Na6 8. h3 Nc5
9. Bc2 Nf6 10. Nc3 O-O 11. O-O Ne8 12. Be3 b6 13. a3 f5 14. exf5 Bxf5 15. Bxf5
Rxf5 16. Rb1 g6 17. b4 Nd7 18. Ne4 Ng7 19. Nfd2 Rf7 20. g4 Nf6 21. Nxf6+ Bxf6
22. Ne4 Be7 23. Qb3 axb4 24. axb4 Qd7 25. Kg2 Raf8 26. f3 Bh4 27. Ra1 Nf5 28.
Ra7 Nxe3+ 29. Qxe3 b5 30. c5 dxc5 31. d6 Qd8 32. bxc5 cxd6 33. cxd6 Bg5 34. Qb3
Bf4 35. Rxf7 Rxf7 36. Qxb5 h5 37. Qd5 hxg4 38. hxg4 Kg7 39. Rb1 Ra7 40. Rb7+
Rxb7 41. Qxb7+ Kg8 42. Qc7 Bg5 43. Qc4+ Kf8 44. Qe6 Qa5 45. d7 Qe1 46. Qd6+ Kg7
47. Qxe5+ 1-0

[Event "International Tournament "]
[Site "Paracin, Hotel "]
[Date "2017.07.07"]
[Round "1.36"]
[White "Stefanovic, Ognjen"]
[Black "Dimic, Pavle"]
[Result "0-1"]
[WhiteElo "2134"]
[BlackElo "2351"]
[PlyCount "78"]
[EventDate "2017.07.07"]

1. e4 c5 2. Nf3 Nc6 3. d3 g6 4. g3 Bg7 5. Bg2 e5 6. O-O Nge7 7. c3 d5 8. Nbd2
O-O 9. Re1 h6 10. exd5 Nxd5 11. Nc4 Re8 12. a4 Bf5 13. Nh4 Be6 14. Qc2 Qc7 15.
Bd2 Rad8 16. Rad1 b6 17. f4 exf4 18. Bxd5 Bxd5 19. Bxf4 Qd7 20. Ng2 Rxe1+ 21.
Rxe1 Be6 22. h4 Qxd3 23. Qxd3 Rxd3 24. Nge3 g5 25. hxg5 hxg5 26. Bc7 Rd7 27.
Bd6 Na5 28. Nxa5 Rxd6 29. Nac4 Rd3 30. Kf2 f5 31. Na3 Rd2+ 32. Kg1 Rxb2 33. Nd1
Rd2 34. Nb5 a6 35. Nc7 Bd7 36. Ne3 Bxc3 37. Nxa6 Bd4 38. Kf1 f4 39. Ng2 Bh3 0-1

[Event "International Tournament "]
[Site "Paracin, Hotel "]
[Date "2017.07.07"]
[Round "1.37"]
[White "Chekletsov, Ilya"]
[Black "Stanojevic, Ilija"]
[Result "1-0"]
[WhiteElo "2350"]
[BlackElo "2123"]
[PlyCount "97"]
[EventDate "2017.07.07"]

1. d4 d5 2. c4 dxc4 3. e4 Nc6 4. Be3 Nf6 5. f3 e5 6. d5 Ne7 7. Bxc4 Ng6 8. Ne2
Bd6 9. Nbc3 O-O 10. Qd2 a6 11. Bb3 Bd7 12. g4 Nh4 13. O-O Qe7 14. Kh1 Kh8 15.
Ng3 Rg8 16. Bg5 Ng6 17. Nh5 Qf8 18. Rad1 Be8 19. Nxf6 gxf6 20. Be3 Bd7 21. Ne2
Qe7 22. Ng3 Nf4 23. Bc4 b5 24. Bd3 a5 25. Ne2 Nxd3 26. Qxd3 b4 27. Ng3 a4 28.
Rc1 a3 29. b3 Ra5 30. Qd2 Raa8 31. Rc2 Ra5 32. Re1 Rb5 33. Bf2 Qd8 34. Nf5 Bxf5
35. gxf5 Rg5 36. Bh4 Rh5 37. Qf2 Qe7 38. Qg3 Rh6 39. Qg4 Qf8 40. Bf2 Qg7 41.
Qxg7+ Kxg7 42. Be3 Rh5 43. Kg2 Rb8 44. Kg3 Rg8 45. h4 Kh8+ 46. Kh3 h6 47. Rg1
Rgg5 48. Rg4 Kh7 49. Kg3 1-0

[Event "International Tournament "]
[Site "Paracin, Hotel "]
[Date "2017.07.07"]
[Round "1.38"]
[White "Raykov, Stefan"]
[Black "Stathopoulos, Ioannis"]
[Result "0-1"]
[WhiteElo "2103"]
[BlackElo "2343"]
[PlyCount "90"]
[EventDate "2017.07.07"]

1. e4 c5 2. Nf3 d6 3. d4 cxd4 4. Nxd4 Nf6 5. Nc3 a6 6. Bg5 Nbd7 7. f4 Qc7 8.
Qf3 b5 9. O-O-O Bb7 10. a3 g6 11. Bd3 Bg7 12. Nb3 O-O 13. g4 Nb6 14. h4 Na4 15.
Nxa4 bxa4 16. Nd2 Rab8 17. Nb1 Ba8 18. c3 Qb7 19. Rh2 Rfc8 20. Bxf6 Bxf6 21. h5
g5 22. Qe3 gxf4 23. Qxf4 Rc5 24. g5 Bxg5 25. Rg1 f6 26. Rxg5+ Rxg5 27. Qe3 Qb6
28. Qxb6 Rxb6 29. Nd2 d5 30. Kc2 dxe4 31. Nxe4 Bxe4 32. Bxe4 Rbb5 33. Bf3 Rbf5
34. Be2 a5 35. Bc4+ Kf8 36. Be2 e5 37. Kd3 Rf4 38. c4 Ke7 39. h6 Kd6 40. Kc3
Kc5 41. Rh3 Rg2 42. Re3 Rff2 43. Kd3 Rxe2 44. Rxe2 Rxe2 45. Kxe2 Kxc4 0-1

[Event "International Tournament "]
[Site "Paracin, Hotel "]
[Date "2017.07.07"]
[Round "1.39"]
[White "Ardeleanu, Alin"]
[Black "Mihevc, Ivo"]
[Result "1/2-1/2"]
[WhiteElo "2339"]
[BlackElo "2101"]
[PlyCount "40"]
[EventDate "2017.07.07"]

1. e4 c5 2. Nf3 d6 3. b3 Nf6 4. Nc3 g6 5. Bb2 Bg7 6. Bb5+ Nbd7 7. Qe2 O-O 8. a4
a6 9. Bc4 Ng4 10. a5 Nge5 11. O-O Nxf3+ 12. Qxf3 Ne5 13. Qg3 Nc6 14. f4 e6 15.
Nd1 Bxb2 16. Nxb2 h5 17. e5 dxe5 18. fxe5 Nb4 19. c3 Nd5 20. Bxd5 Qxd5 1/2-1/2

[Event "International Tournament "]
[Site "Paracin, Hotel "]
[Date "2017.07.07"]
[Round "1.40"]
[White "Ozenir, Ekin Baris"]
[Black "Becker, Marcel"]
[Result "1/2-1/2"]
[WhiteElo "2098"]
[BlackElo "2339"]
[PlyCount "116"]
[EventDate "2017.07.07"]

1. d4 d5 2. c4 c6 3. Nf3 Nf6 4. Nbd2 Bf5 5. g3 e6 6. Bg2 Nbd7 7. O-O Be7 8. b3
Ne4 9. Bb2 O-O 10. Ne5 Nxd2 11. Qxd2 Nxe5 12. dxe5 dxc4 13. Qxd8 Raxd8 14. e4
Bg6 15. bxc4 Rd2 16. Bc3 Rd3 17. Rac1 Rfd8 18. g4 Ba3 19. Rc2 Bc5 20. Re1 h5
21. h3 hxg4 22. hxg4 Rg3 23. Kh2 Rxg4 24. Bf3 Rh4+ 25. Kg3 Rh8 26. Rd2 Rxd2 27.
Bxd2 Kf8 28. Be3 Bxe3 29. Rxe3 Ke7 30. Rb3 Rb8 31. Kf4 Kd7 32. Bg4 Kc7 33. Rg3
Re8 34. Ke3 Re7 35. f4 Bh7 36. Rh3 Bg8 37. Rh8 Re8 38. Kd4 Rd8+ 39. Kc3 f6 40.
exf6 gxf6 41. e5 fxe5 42. fxe5 Bf7 43. Rh6 Kd7 44. Rh7 Ke8 45. Rh8+ Ke7 46. Rh7
c5 47. Bh5 Rf8 48. Kb3 Ke8 49. Rxf7 Rxf7 50. Ka4 Ke7 51. Bxf7 Kxf7 52. Kb5 Ke7
53. Kxc5 Kd7 54. Kb5 Kc7 55. c5 Kd7 56. a4 Kc7 57. Kb4 a6 58. Kc3 Kc6 1/2-1/2

[Event "International Tournament "]
[Site "Paracin, Hotel "]
[Date "2017.07.07"]
[Round "1.41"]
[White "Radovanovic, Mihajlo"]
[Black "Aleksic, Neven"]
[Result "1-0"]
[WhiteElo "2337"]
[BlackElo "2097"]
[PlyCount "81"]
[EventDate "2017.07.07"]

1. Nf3 Nf6 2. c4 e6 3. g3 d5 4. Bg2 Be7 5. d4 O-O 6. Qc2 dxc4 7. Nbd2 Bd7 8.
Ne5 Bc6 9. Nxc6 Nxc6 10. e3 Nb4 11. Qxc4 b5 12. Qb3 c5 13. Bxa8 c4 14. Qd1 Nd3+
15. Ke2 Qxa8 16. f3 Ng4 17. Qf1 f5 18. a4 Qd5 19. h3 Nf6 20. Qd1 e5 21. axb5 e4
22. f4 g5 23. Rxa7 Qf7 24. Nb1 gxf4 25. gxf4 Nd5 26. Nc3 N5b4 27. Kd2 Kh8 28.
Rg1 Nf2 29. Qf1 Nfd3 30. Qg2 Qf6 31. b6 Nxf4 32. Qg3 Ng6 33. Ne2 Bd6 34. Qg5
Qe6 35. Qh6 Qg8 36. h4 Nc6 37. Rd7 Bb4+ 38. Nc3 f4 39. h5 fxe3+ 40. Ke1 Rd8 41.
Rxg6 1-0

[Event "International Tournament "]
[Site "Paracin, Hotel "]
[Date "2017.07.07"]
[Round "1.42"]
[White "Maksimovic, Masa"]
[Black "Cerovic, Danilo"]
[Result "1/2-1/2"]
[WhiteElo "2094"]
[BlackElo "2335"]
[PlyCount "99"]
[EventDate "2017.07.07"]

1. e4 c5 2. Nf3 d6 3. d4 Nf6 4. Nc3 cxd4 5. Nxd4 a6 6. Be3 e5 7. Nf3 Qc7 8. h3
Be7 9. Bd3 O-O 10. O-O b5 11. a3 Bb7 12. g4 g6 13. g5 Nh5 14. Be2 Nd7 15. Nd5
Bxd5 16. exd5 Nc5 17. Ne1 Nf4 18. h4 f6 19. Bxf4 exf4 20. gxf6 Bxf6 21. Nd3
Nxd3 22. Qxd3 Bxb2 23. Rab1 Be5 24. h5 gxh5 25. Bxh5 Kh8 26. Kh1 f3 27. Rg1 Rf6
28. Rg4 Qe7 29. Rh4 Raf8 30. Rg1 Rf4 31. Rxf4 Rxf4 32. Bxf3 Qf6 33. Kg2 Rh4 34.
Kf1 Rf4 35. Kg2 Rf5 36. Rh1 Rg5+ 37. Kf1 h6 38. Rg1 Rxg1+ 39. Kxg1 Qg5+ 40. Kf1
h5 41. Qe3 Qxe3 42. fxe3 h4 43. Be2 h3 44. c4 h2 45. Kg2 bxc4 46. Bxc4 a5 47.
a4 Kg7 48. Bb5 Kf6 49. Bc6 Kf5 50. Kh1 1/2-1/2

[Event "International Tournament "]
[Site "Paracin, Hotel "]
[Date "2017.07.07"]
[Round "1.43"]
[White "Tica, Sven"]
[Black "Krstic, Milos"]
[Result "1-0"]
[WhiteElo "2333"]
[BlackElo "2090"]
[PlyCount "83"]
[EventDate "2017.07.07"]

1. d4 Nf6 2. c4 e6 3. g3 d5 4. Nf3 Be7 5. Bg2 O-O 6. Qc2 Nbd7 7. O-O c6 8. Nbd2
b6 9. e4 dxe4 10. Nxe4 Nxe4 11. Qxe4 Bb7 12. Rd1 Nf6 13. Qe2 Qc8 14. b3 Re8 15.
Ne5 c5 16. Bb2 Bxg2 17. Kxg2 Qb7+ 18. Qf3 Qxf3+ 19. Kxf3 cxd4 20. Rxd4 Rac8 21.
Rad1 h5 22. h3 Rc7 23. g4 Nh7 24. Rd7 hxg4+ 25. hxg4 Ng5+ 26. Kf4 Rxd7 27. Rxd7
f6 28. Nc6 Bc5 29. Kg3 a5 30. f4 Nf7 31. g5 e5 32. fxe5 Nxg5 33. Kg4 Nh7 34.
Kf5 Nf8 35. Rb7 g6+ 36. Kg4 f5+ 37. Kg5 Nh7+ 38. Kxg6 Re6+ 39. Kxf5 Rxc6 40. e6
Bf8 41. e7 Rc5+ 42. Be5 1-0

[Event "International Tournament "]
[Site "Paracin, Hotel "]
[Date "2017.07.07"]
[Round "1.44"]
[White "Stojkovska, Monika"]
[Black "Marjanovic, Annamaria"]
[Result "0-1"]
[WhiteElo "2089"]
[BlackElo "2331"]
[PlyCount "100"]
[EventDate "2017.07.07"]

1. e4 c6 2. d4 d5 3. exd5 cxd5 4. c4 Nf6 5. Nc3 Nc6 6. Nf3 g6 7. cxd5 Nxd5 8.
Qb3 Nxc3 9. bxc3 Bg7 10. Bc4 O-O 11. Ng5 e6 12. Bb5 Na5 13. Qa3 e5 14. Be3 b6
15. O-O Bb7 16. Be2 Rc8 17. Nf3 Qd5 18. Rfd1 exd4 19. Bxd4 Bxd4 20. Rxd4 Qc5
21. Qxc5 Rxc5 22. c4 Re8 23. Kf1 Bxf3 24. gxf3 Re7 25. Rb1 Rec7 26. Rb5 R5c6
27. Rb4 Rf6 28. Rb5 Rfc6 29. Rb4 Nb7 30. f4 Rd6 31. Rd5 Rf6 32. f5 Rxf5 33.
Rxf5 gxf5 34. Bf3 Nd6 35. Bd5 Rc5 36. a4 Kg7 37. Ke2 Ne4 38. Ke3 Ra5 39. f4 Nc3
40. Bc6 Rc5 41. Bf3 a5 42. Rxb6 Rxc4 43. Bc6 Nxa4 44. Ra6 Nc5 45. Rxa5 Ne6 46.
Bd5 Rxf4 47. Ra7 Kg6 48. Ra6 Rh4 49. Bxe6 Re4+ 50. Kf3 fxe6 0-1

[Event "International Tournament "]
[Site "Paracin, Hotel "]
[Date "2017.07.07"]
[Round "1.45"]
[White "Sarenac, David"]
[Black "Arda, Cagil Irmak"]
[Result "1-0"]
[WhiteElo "2329"]
[BlackElo "2080"]
[PlyCount "77"]
[EventDate "2017.07.07"]

1. e4 c5 2. Nf3 Nc6 3. d4 cxd4 4. Nxd4 Nf6 5. Nc3 d6 6. Bg5 Qb6 7. Nb3 e6 8.
Qd2 a6 9. Be2 Be7 10. g4 Qc7 11. Be3 Ne5 12. g5 Nfd7 13. f4 Nc4 14. Bxc4 Qxc4
15. O-O-O b5 16. Qg2 Qc7 17. Rhf1 Bb7 18. f5 b4 19. fxe6 fxe6 20. Ne2 e5 21.
Ng3 g6 22. Kb1 a5 23. Nc1 Nc5 24. Nd3 Ne6 25. h4 Qc4 26. b3 Qc3 27. h5 Nc7 28.
Bc1 Nb5 29. Bb2 Qc6 30. Qh3 Bc8 31. Qh4 Rg8 32. hxg6 hxg6 33. Qh7 Be6 34. Nf5
gxf5 35. exf5 Bxg5 36. fxe6 O-O-O 37. Rf7 Rde8 38. e7 Be3 39. Qh3+ 1-0

[Event "International Tournament "]
[Site "Paracin, Hotel "]
[Date "2017.07.07"]
[Round "1.46"]
[White "Dogan, Mire Deniz"]
[Black "Tosic, Srecko"]
[Result "1-0"]
[WhiteElo "2075"]
[BlackElo "2326"]
[PlyCount "97"]
[EventDate "2017.07.07"]

1. d4 Nf6 2. c4 c5 3. d5 e5 4. Nc3 d6 5. e3 Be7 6. Nge2 Nbd7 7. Ng3 g6 8. Be2
h5 9. O-O h4 10. Nh1 h3 11. g3 e4 12. Qc2 Ne5 13. f4 exf3 14. Bxf3 Bg4 15. Bxg4
Nfxg4 16. Qe2 Qd7 17. Nf2 Nxf2 18. Rxf2 O-O-O 19. Rb1 Rde8 20. b4 cxb4 21. Rxb4
Bd8 22. Na4 f5 23. Bb2 Rh7 24. Bd4 b6 25. c5 dxc5 26. Bxc5 Qxd5 27. Bd4 Kb8 28.
Rb5 Qd6 29. Nc5 Rhe7 30. Na6+ Kb7 31. Nc5+ Kc8 32. Na6 Kb7 33. Nc5+ Ka8 34. Na6
Nc6 35. Qc4 Qe6 36. Rd5 Nxd4 37. exd4 Kb7 38. Qb5 Ka8 39. Re2 Qc8 40. Rxd8 Rxd8
41. Rxe7 Qc1+ 42. Kf2 Qd2+ 43. Qe2 Qxd4+ 44. Qe3 Qb2+ 45. Kf3 Qg2+ 46. Kf4 g5+
47. Kxg5 Qc6 48. Qe6 Qc1+ 49. Kg6 1-0

[Event "International Tournament "]
[Site "Paracin, Hotel "]
[Date "2017.07.07"]
[Round "1.47"]
[White "Burovic, Rijad"]
[Black "Bojicic, Andjela"]
[Result "1/2-1/2"]
[WhiteElo "2316"]
[BlackElo "2072"]
[PlyCount "152"]
[EventDate "2017.07.07"]

1. e4 c5 2. d3 d6 3. f4 g6 4. Nf3 Bg7 5. g3 Nc6 6. Bg2 f5 7. exf5 Bxf5 8. h3
Nf6 9. O-O O-O 10. c3 Kh8 11. Nh4 Bd7 12. f5 Bxf5 13. Nxf5 gxf5 14. Rxf5 Qe8
15. g4 e6 16. Rf1 Nd5 17. Na3 Qe7 18. Nc2 Rxf1+ 19. Qxf1 Rf8 20. Qe2 Qf7 21.
Bd2 Ne5 22. Rf1 Qe7 23. Rxf8+ Bxf8 24. d4 cxd4 25. cxd4 Nc6 26. Bxd5 exd5 27.
Qxe7 Bxe7 28. Kf2 Kg7 29. Bc3 Bf6 30. Ke3 Bg5+ 31. Kf3 Bf6 32. Ne3 Kf7 33. Nf5
Ke6 34. Kf4 b5 35. g5 b4 36. Bd2 Bxd4 37. Nxd4+ Nxd4 38. Bxb4 Nc6 39. Bd2 Ne5
40. b3 Ng6+ 41. Kg4 Ne5+ 42. Kf4 Ng6+ 43. Kg4 Ne5+ 44. Kf4 Ng6+ 45. Ke3 Ne5 46.
Bc1 Nc6 47. Kf4 Ne5 48. Be3 a6 49. h4 Ng6+ 50. Kg4 Ne5+ 51. Kf4 Ng6+ 52. Kg3
Kf5 53. b4 Ke4 54. Bc1 d4 55. h5 Ne5 56. a4 Kf5 57. b5 axb5 58. axb5 Nc4 59.
Kf2 d3 60. Ke1 d5 61. Bd2 d4 62. Bc1 Ke6 63. Bf4 Kf5 64. Bd2 Ke6 65. Kd1 Kf5
66. Kc1 Ke6 67. g6 hxg6 68. h6 Kf7 69. Bg5 Kg8 70. Kb1 Na3+ 71. Kc1 Nxb5 72.
Kd2 Kh7 73. Kxd3 Nd6 74. Kxd4 Nf5+ 75. Ke5 Nxh6 76. Kf4 Nf5 1/2-1/2

[Event "International Tournament "]
[Site "Paracin, Hotel "]
[Date "2017.07.07"]
[Round "1.48"]
[White "Paradzik, Berislav"]
[Black "Franklin, Samuel G A"]
[Result "0-1"]
[WhiteElo "2066"]
[BlackElo "2312"]
[PlyCount "76"]
[EventDate "2017.07.07"]

1. c4 Nf6 2. g3 g6 3. Bg2 Bg7 4. Nf3 O-O 5. O-O d6 6. Nc3 Nc6 7. Rb1 a5 8. a3
e5 9. d3 Nd4 10. b4 axb4 11. axb4 c6 12. Bg5 Ne6 13. Bd2 Nh5 14. b5 f5 15. bxc6
bxc6 16. Qb3 Bd7 17. c5 d5 18. Nxd5 cxd5 19. Qxd5 Rc8 20. Ng5 Qe8 21. Rb6 Rf6
22. Qc4 Kh8 23. c6 Nxg5 24. Bxg5 Bxc6 25. Bxf6 Bxg2 26. Bxg7+ Kxg7 27. Qxc8
Qxc8 28. Kxg2 Qc2 29. Re1 Qd2 30. Rb7+ Kh6 31. Rbb1 Ng7 32. Rbd1 Qa2 33. Ra1
Qd5+ 34. Kg1 Ne6 35. Rab1 Ng5 36. f3 Qc5+ 37. Kg2 Qe3 38. Rb2 Nxf3 0-1

[Event "International Tournament "]
[Site "Paracin, Hotel "]
[Date "2017.07.07"]
[Round "1.49"]
[White "Maksimovic, Bojan"]
[Black "Tarlabasi, Emirhan"]
[Result "1-0"]
[WhiteElo "2312"]
[BlackElo "2046"]
[PlyCount "93"]
[EventDate "2017.07.07"]

1. e4 e6 2. d4 d5 3. Nc3 Bb4 4. e5 c5 5. a3 Bxc3+ 6. bxc3 Ne7 7. Nf3 b6 8. Bb5+
Bd7 9. Be2 Ba4 10. O-O c4 11. g3 h6 12. h4 Kd7 13. Kg2 Qg8 14. Nh2 Qh7 15. Ra2
Kc7 16. Ng4 Nd7 17. h5 Raf8 18. Bf3 Kc8 19. Re1 Nf5 20. Bd2 g6 21. Rh1 g5 22.
Qe2 Re8 23. Re1 Qg7 24. Kg1 Rhf8 25. Rb2 Ne7 26. Bg2 Qh7 27. Bc1 Bc6 28. a4
Bxa4 29. Ra2 b5 30. Ba3 Rh8 31. Ne3 Nb6 32. Bc5 Qg7 33. Bxb6 axb6 34. Rxa4 bxa4
35. Nxc4 dxc4 36. Qxc4+ Kd8 37. Rd1 Nd5 38. Bxd5 Re7 39. Bc6 Rc7 40. Qxa4 f5
41. Bg2 Qd7 42. Qb4 Ke8 43. Qxb6 Rxc3 44. Ra1 Rc8 45. Ra7 Rxc2 46. Rxd7 Kxd7
47. Qd6+ 1-0

[Event "International Tournament "]
[Site "Paracin, Hotel "]
[Date "2017.07.07"]
[Round "1.50"]
[White "Gulden, Egemen"]
[Black "Radovic, Janko"]
[Result "1/2-1/2"]
[WhiteElo "2044"]
[BlackElo "2306"]
[PlyCount "47"]
[EventDate "2017.07.07"]

1. e4 c5 2. Nc3 Nc6 3. g3 g6 4. Bg2 Bg7 5. d3 d6 6. Be3 Nf6 7. h3 Rb8 8. Nge2
O-O 9. O-O b5 10. Qd2 b4 11. Nd1 Nd7 12. f4 Nd4 13. Nc1 a5 14. c3 bxc3 15. bxc3
Nc6 16. g4 Ba6 17. Ne2 Qb6 18. Rc1 Qb5 19. Nf2 Qa4 20. h4 Nb6 21. g5 Rfd8 22.
Qc2 Qa3 23. Qd2 Qa4 24. h5 1/2-1/2